LEADER 01095nam0 22003131i 450 001 RML0266841 005 20231121125723.0 010 $a0780310292 100 $a20121121d1994 ||||0itac50 ba 101 | $aeng 102 $aus 181 1$6z01$ai $bxxxe 182 1$6z01$an 200 1 $aPower system control and stability$fPaul M. Anderson, A. A. Fouad 205 $aRev. print 210 $aNew York $cIEEE Press $dc1994 215 $axiv, 464 p.$d25 cm 606 $aSistemi elettrici di potenza$2FIR$3RMLC378018$9I 676 $a621.31$9$v21 700 1$aAnderson$b, Paul M.$3RMLV171785$028078 701 1$aFouad$b, Abdel-Aziz$3RMLV171784$01444552 801 3$aIT$bIT-01$c20121121 850 $aIT-FR0099 899 $aBiblioteca Area Ingegneristica$bFR0099 912 $aRML0266841 950 0$aBiblioteca Area Ingegneristica$d 54DII 621.31 AND$e 54VM 0000372865 VM barcode:ING3403D. - Inventario:3403DVM$fA $h20031215$i20121204 977 $a 54 996 $aPower system control and stability$93624853 997 $aUNICAS